000 00990nam a2200229Ia 4500
003 Ost
005 20260507075720.0
008 260507s9999||||xx |||||||||||||| ||und||
020 _a9789931248521
040 _cfsecg
041 _aara
082 _a330
100 _aفريوة، نرجس
_eمؤلف
245 0 _aتسيير واقتصاد المؤسسة /
_c نرجس فريوة
260 _aالجزائر:
_bدار الباحث للنشر والاشهار,
_c2023
300 _a182 صفحة؛
_bإيضاحات ؛
_c24 سم
504 _aمراجع ص.172
520 _aأهم مدارس الفكر التسييري والتنظيمي، المؤسسة تعريفها، أنواعها وتطورها، الادارة واستراتيجية المؤسسة، وظائف المؤسسة، والأنظمة التنسيقية فيها، كذلك مجددات تنافسية المؤسسة.
653 _aالاقتصاد
653 _aتسيير المؤسسة
942 _cكتاب
999 _c45937
_d45937